000 00496nam a2200181Ia 4500
003 GCL
008 140319s9999 xx 000 0 ara d
040 _aGCL /
_cGCL
082 0 4 _a812
_bم ر
100 1 _aمحجوب عبده
245 1 0 _aراحوا كلهم /
_cمحجوب عبده
300 _a91 ص
490 _a
650 0 4 _aالقصص القصيرة
650 0 4 _aالمسرحيات العربية
650 0 4 _aالادب العربى - العصر الحديث
942 _2ddc
_cBK
999 _c38193
_d38193